| 000 | 00609cam a22002291 4500 | ||
|---|---|---|---|
| 001 | sa 64008472 | ||
| 003 | DLC | ||
| 005 | 20260227112054.0 | ||
| 008 | 850617s1964 ii 000 1 ben | ||
| 010 | _asa 64008472 | ||
| 025 | _aPL480:I-B-1405 | ||
| 035 | _a(OCoLC)13889469 | ||
| 040 |
_aDLC _cNN _dDLC |
||
| 042 | _apremarc | ||
| 050 | 0 | 0 |
_aPK1718.S3 _bJ3 |
| 100 | 1 |
_aSānyāla, Prabodhakumāra, _d1907- |
|
| 245 | 1 | 0 |
_aJanme Mīna raśi. _c[Lekhaka] Prabodhakumāra Sānyāla. |
| 260 |
_aKalikātā, _bKathākali _c[1964] |
||
| 300 |
_a222 p. _c22 cm. |
||
| 500 | _aIn Bengali. | ||
| 500 | _aA novel. | ||
| 999 |
_c60880 _d60880 |
||